| 000 | 01669nam a2200445 i 4500 | ||
|---|---|---|---|
| 001 | DIGAKAL0603 | ||
| 003 | NyNyDIG | ||
| 007 | cr ||||||||||| | ||
| 008 | 220614s2020 sp a ob 000 0 spa d | ||
| 006 | m o d | ||
| 035 | _a(OCoLC)1335132724 | ||
| 040 |
_aDGITA _beng _erda _epn _cDGITA |
||
| 020 |
_a9788446047858 _qeBook |
||
| 020 | _z9788446047346 | ||
| 050 | 1 | 4 | _aNX650.P6 ebook |
| 082 | 1 | 4 | _a701 |
| 100 | 1 |
_aAznar, Yayo, _eauthor. |
|
| 245 | 1 | 0 |
_aMiradas políticas en el país de las fantasías / _cYayo Aznar Almazán. |
| 264 | 1 |
_aTres Cantos, Madrid, España : _bAkal, _c[2020] |
|
| 300 |
_a1 online resource : _billustrations. |
||
| 336 |
_atext _btxt _2rdacontent |
||
| 337 |
_acomputer _bc _2rdamedia |
||
| 338 |
_aonline resource _bcr _2rdacarrier |
||
| 347 |
_atext file _2rdaft |
||
| 347 | _bEPUB | ||
| 490 | 1 | _aAkal Arte contemporáneo | |
| 504 | _aIncludes bibliographical references. | ||
| 588 | 0 | _aOnline resource; title from ePub title page (Digitalia, viewed June 14, 2022) | |
| 650 | 0 |
_aPolitics in art _xHistory _y21st century. |
|
| 650 | 0 |
_aArt and society _xHistory _y21st century. |
|
| 650 | 0 |
_aArt and state _xHistory _y21st century. |
|
| 655 | 0 | _aElectronic books. | |
| 791 | 2 |
_aDigitalia (Firm), _edistributor. |
|
| 793 | 0 |
_gDigitalia eBook Collection: _aAkal |
|
| 776 | 0 | 8 |
_iPrint version: _aAznar, Yayo. _tMiradas políticas en el país de las fantasías. _dTres Cantos, Madrid, España : Akal, [2020] _z9788446047346 |
| 830 | 0 |
_aArte contemporáneo (Akal Editor) ; _v36. |
|
| 856 | 4 | 0 |
_3Digitalia Hispánica _uhttps://www.digitaliapublishing.com/a/70683/ |
| 910 | _aPremium collection: 2022 | ||
| 942 | _cRAA | ||
| 999 |
_c263381 _d263381 |
||